| 000 | 00514nam a2200181Ia 4500 | ||
|---|---|---|---|
| 999 |
_c28512 _d28512 |
||
| 003 | OSt | ||
| 005 | 20201112100541.0 | ||
| 008 | 190216s9999||||xx |||||||||||||| ||und|| | ||
| 020 | _a9788126410859 | ||
| 040 | _coclc | ||
| 082 |
_a894.8123 _bMOH/E |
||
| 100 |
_aMohanan, P _96500 |
||
| 245 | 0 |
_aEllavarkkum Ariyunnathu Arkkum Ariyathathum / _cP Mohanan |
|
| 260 |
_bDc Books, _aKottayam: _c2005. |
||
| 300 | _a111p | ||
| 650 | _aNovel | ||
| 942 |
_cBK _2ddc _h894.8123 _iMOH/E _k894.8123 _mMOH/E |
||